000 00294nam a22001337a 4500
008 170213b xxu||||| |||| 00| 0 eng d
020 _a0865771278
041 _aeng
080 _22ND
_a61
100 _a4
101 _aSHM
245 _aCLINICAL VOICE DISORDERS
_cARONSON, A.E
942 _2udc
_cBK
999 _c5313
_d5313